000
00254nam a2200097Ia 4500
001
706174
005
20250826162444.0
008
250824s9999 xx 000 0 und d
245
0
_a
MUCİZELER DÜKKANINA DÖNÜŞ
_c
DEBBIE MACOMBER
260
_b
MARTI YAYINLARI
999
_c
706174
_d
706174